000 00392nam a2200169Ia 4500
003 GCL
008 140319s9999 xx 000 0 eng d
040 _aGCL /
_cGCL
082 0 4 _a741.5
_bP C
100 1 _aPLANTU
245 1 0 _aC'EST LE GOULAG /
_cPLANTU
260 _a[S.N] :
_bLA DECOUVERTE ،
_c1983
300 _a159 P
650 0 4 _aCARICATURES
650 0 4 _aCOMICS
942 _2ddc
_cBK
999 _c25178
_d25178